Logo BPK

Biblioteka

Politechniki Koszalińskiej

Komputerowy słownik języka polskiego PWN [Dokument elektroniczny] / (Rekord nr 24009)

Szczegóły MARC
000 -ETYKIETA REKORDU
podpole kontrolne o stałej długości 00874nam a2200229 i 4500
001 - NUMER KONTROLNY REKORDU
pole kontrolne bg
040 ## - ŹRÓDŁO KATALOGOWANIA
Instytucja, która utworzyła rekord BPK
041 0# - KOD JĘZYKA
Kod języka tekstu pol
080 ## - UNIWERSALNA KLASYFIKACJA DZIESIĘTNA - UKD
UKD 811.162.1'374
008 - POLE O STAŁEJ DŁUGOŚCI - DANE KONTROLNE
podpole kontrolne o stałej długości s pl f |000 0 pol
245 00 - TYTUŁ/ODPOWIEDZIALNOŚĆ
Tytuł Komputerowy słownik języka polskiego PWN [Dokument elektroniczny] /
Pozostałe elementy strefy tytułu i oznaczenia odpowiedzialności [red. prow. Jadwiga Linde-Usiekniewicz].
250 ## - STREFA WYDANIA
Oznaczenie wydania Wyd. 2.
260 ## - STREFA ADRESU WYDAWNICZEGO
Miejsce wydania Warszawa :
Nazwa wydawcy/dystrybutora Wydawnictwo Naukowe PWN,
Data publikacji, dystrybucji/powstania dokumentu 1998.
300 ## - STREFA OPISU FIZYCZNEGO
Objętość 1 dysk optyczny (CD-ROM) :
Inne cechy fizyczne kolor. ;
Rozmiary 12 cm +
Dokument towarzyszący Instrukcja.
500 ## - UWAGI OGÓLNE
Tekst uwagi Tyt. z ekranu tyt.
500 ## - UWAGI OGÓLNE
Tekst uwagi Dokument towarzyszący: Komputerowy słownik języka polskiego : instrukcja. 47 s. : il. ; 21 cm.
500 ## - UWAGI OGÓLNE
Tekst uwagi Wymagania systemowe: IBM PC; Windows 95 lub nowsze; karta dźwiękowa; czytnik CD-ROM.
650 #9 - HASŁO PRZEDMIOTOWE W FORMIE NAZWY OGÓLNEJ LUB JEDNOSTKOWEJ
Nazwa ogólna lub geograficzna Słownik polski
655 ## - TERMIN INDEKSOWY - OKREŚLENIE RODZAJU/FORMY DOKUMENTU
Określenie rodzaju/formy dokumentu Dokumenty elektroniczne
700 1# - HASŁO DODATKOWE - NAZWA OSOBOWA
Nazwa osobowa LINDE-USIEKNIEWICZ, Jadwiga.
Określenie związku między hasłem a opisywanym materiałem Red.
942 ## - DODATKOWE ELEMENTY (KOHA)
Typ dokumentu Płyta CD
Egzemplarze
Wycofany Status egzemplarza Uszkodzony Dostępność Lokalizacja stała Lokalizacja bieżąca Miejsce przechowywania Sygnatura Kod kreskowy Dział Typ dokumentu
      Tylko na miejscu Biblioteka Politechniki Koszalińskiej Biblioteka Politechniki Koszalińskiej Czytelnia BG CD 1037 02233130 0/9(0.034.2) Dokumenty elektroniczne Płyta CD
© 2023 Biblioteka Politechniki Koszalińskiej :: KOHA